| 000 | 00549nam a2200217Ia 4500 | ||
|---|---|---|---|
| 001 | 12485 | ||
| 003 | GE_BSU | ||
| 008 | 181216s||||||||xx |||||||||||||| ||und|| | ||
| 040 | _cGE_BSU | ||
| 080 | _a63(075.8) | ||
| 100 | _aСмирнов,Л.М. | ||
| 245 | _aАгрохимия | ||
| 245 | _bУч. пособ. для агрономич. фак-в | ||
| 245 | _cРед.Ю.Г.Челышкин | ||
| 260 | _aМосква | ||
| 260 | _bКолос | ||
| 260 | _c1981 | ||
| 300 | _a318стр.22см. | ||
| 653 | _aАгрохимия | ||
| 942 | _cBK | ||
| 999 |
_c45659 _d45659 |
||